Liste des jeux Far Cry - Statistiques

Statistiques générales
  • Ce quiz a été pris 156 fois
  • Le résultat moyen est 8 sur 13
Statistiques - réponses
Localisation Année de sortie Réponse % Correct
Pays fictif en Afrique centrale 2008 Far Cry 2
100%
Îles Rook, un archipel fictif en Asie du Sud-Est 2012 Far Cry 3
99%
Kyrat, un pays fictif dans l'Himalaya 2014 Far Cry 4
99%
Hope County, une région fictive du Montana, États-Unis 2018 Far Cry 5
99%
Yara, une île fictive des Caraïbes 2021 Far Cry 6
98%
Îles fictives de Micronésie (océan Pacifique) 2004 Far Cry
95%
Oros, une vallée fictive située en Europe centrale 2016 Far Cry Primal
74%
Hope County, dans le Montana, post-apocalyptique 2019 Far Cry New Dawn
62%
Île cyberpunk fictive 2013 Far Cry 3 Blood Dragon
47%
Îles tropicales fictives 2005 Far Cry Instincts
9%
Îles tropicales fictives 2006 Far Cry Vengeance
9%
Îles tropicales fictives 2006 Far Cry Instincts Evolution
5%
Îles tropicales fictives 2006 Far Cry Instincts Predator
5%
Aucun quiz correspondant
Distribution des résultats
% des personnes avec chaque résultat
Percentile par nombre de réponses
Votre historique - résultats
Vous n’avez pas pris ce quiz